[Event "BPB Limburg Open - Group A"]
[Site "chess24.com"]
[Date "2016.05.15"]
[Round "4"]
[White "Clemens, Adrian"]
[Black "Socko, Bartosz"]
[Result "0-1"]
[Board "7"]
[WhiteTitle "FM"]
[WhiteElo "2168"]
[WhiteCountry "NED"]
[WhiteFideId "1006487"]
[WhiteEloChange "-2"]
[BlackTitle "GM"]
[BlackElo "2600"]
[BlackCountry "POL"]
[BlackFideId "1107038"]
[BlackEloChange "1"]

1. d4 {[%clk 1:57:43]} Nf6 {[%clk 2:00:25]} 2. c4 {[%clk 1:57:49]} g6 {[%clk
2:00:35]} 3. Nc3 {[%clk 1:57:36]} Bg7 {[%clk 2:00:44]} 4. e4 {[%clk 1:57:31]} d6
{[%clk 2:00:54]} 5. Nf3 {[%clk 1:56:37]} O-O {[%clk 2:01:03]} 6. Be2 {[%clk
1:56:46]} Bg4 {[%clk 2:01:13]} 7. Be3 {[%clk 1:55:45]} Nfd7 {[%clk 2:01:19]} 8.
Rc1 {[%clk 1:52:14]} c5 {[%clk 2:01:24]} 9. d5 {[%clk 1:51:03]} Na6 {[%clk
2:01:32]} 10. h3 {[%clk 1:45:15]} Bxf3 {[%clk 2:00:23]} 11. Bxf3 {[%clk 1:44:20]}
Nc7 {[%clk 2:00:33]} 12. Be2 {[%clk 1:42:21]} a6 {[%clk 2:00:41]} 13. a4 {[%clk
1:36:26]} Qb8 {[%clk 2:00:23]} 14. O-O {[%clk 1:29:51]} e6 {[%clk 2:00:18]} 15.
Qd2 {[%clk 1:26:00]} exd5 {[%clk 1:59:52]} 16. exd5 {[%clk 1:24:05]} f5 {[%clk
2:00:00]} 17. Bg5 {[%clk 1:10:11]} Rf7 {[%clk 1:59:49]} 18. Rce1 {[%clk 1:02:40]}
Qf8 {[%clk 1:58:08]} 19. f4 {[%clk 1:01:22]} Re8 {[%clk 1:44:38]} 20. Bd3 {[%clk
0:58:00]} Bd4+ {[%clk 1:43:05]} 21. Kh2 {[%clk 0:57:43]} Bf6 {[%clk 1:42:30]} 22.
Bxf6 {[%clk 0:53:40]} Nxf6 {[%clk 1:42:32]} 23. Rxe8 {[%clk 0:51:24]} Qxe8 {[%clk
1:42:39]} 24. Re1 {[%clk 0:50:06]} Re7 {[%clk 1:42:48]} 25. Rxe7 {[%clk 0:48:27]}
Qxe7 {[%clk 1:42:57]} 26. Qe2 {[%clk 0:42:40]} Qg7 {[%clk 1:42:44]} 27. Qe3
{[%clk 0:37:13]} Kf8 {[%clk 1:41:57]} 28. a5 {[%clk 0:35:01]} Qd7 {[%clk
1:39:27]} 29. Bc2 {[%clk 0:32:32]} Qd8 {[%clk 1:38:50]} 30. Na4 {[%clk 0:27:33]}
Na8 {[%clk 1:38:14]} 31. Qe6 {[%clk 0:24:01]} Nh5 {[%clk 1:35:40]} 32. g3 {[%clk
0:22:06]} Ng7 {[%clk 1:34:25]} 33. Qe1 {[%clk 0:21:48]} Qf6 {[%clk 1:31:41]} 34.
Qe3 {[%clk 0:21:32]} Ne8 {[%clk 1:28:16]} 35. Kg2 {[%clk 0:21:04]} Qd8 {[%clk
1:25:50]} 36. Qc3 {[%clk 0:18:02]} Qf6 {[%clk 1:22:11]} 37. Qxf6+ {[%clk
0:14:54]} Nxf6 {[%clk 1:22:09]} 38. Kf3 {[%clk 0:14:52]} Ke7 {[%clk 1:22:07]} 39.
g4 {[%clk 0:14:23]} fxg4+ {[%clk 1:22:04]} 40. hxg4 {[%clk 0:14:33]} Nd7 {[%clk
1:21:41]} 41. g5 {[%clk 0:13:37]} Kf7 {[%clk 1:20:44]} 42. b3 {[%clk 0:12:40]} b6
{[%clk 1:20:14]} 43. axb6 {[%clk 0:12:46]} Naxb6 {[%clk 1:20:23]} 44. Nc3 {[%clk
0:12:44]} Ke7 {[%clk 1:16:49]} 45. Ke3 {[%clk 0:12:03]} Na8 {[%clk 1:16:22]} 46.
Ne4 {[%clk 0:10:19]} Nc7 {[%clk 1:16:16]} 47. Nf2 {[%clk 0:08:56]} Ne8 {[%clk
1:14:11]} 48. Ng4 {[%clk 0:08:47]} Ng7 {[%clk 1:10:09]} 49. Nh6 {[%clk 0:08:41]}
Kf8 {[%clk 1:09:00]} 50. f5 {[%clk 0:07:00]} Ne5 {[%clk 1:09:10]} 51. f6 {[%clk
0:06:31]} Ne8 {[%clk 1:09:21]} 52. Kf4 {[%clk 0:05:57]} a5 {[%clk 1:08:57]} 53.
Ng4 {[%clk 0:04:40]} Nxg4 {[%clk 1:08:32]} 54. Kxg4 {[%clk 0:04:51]} Kf7 {[%clk
1:08:41]} 55. Kf4 {[%clk 0:04:12]} h6 {[%clk 1:08:24]} 56. gxh6 {[%clk 0:03:01]}
Nxf6 {[%clk 1:08:17]} 57. Kg5 {[%clk 0:02:50]} Nh7+ {[%clk 1:08:25]} 58. Kg4
{[%clk 0:02:52]} Kf6 {[%clk 1:08:34]} 59. Kf4 {[%clk 0:03:03]} Ng5 {[%clk
1:08:33]} 60. Kg4 {[%clk 0:02:14]} Nf7 {[%clk 1:08:31]} 61. h7 {[%clk 0:02:16]}
Kg7 {[%clk 1:08:40]} 62. h8Q+ {[%clk 0:01:28]} Nxh8 {[%clk 1:08:48]} 63. Kg5
{[%clk 0:01:30]} Nf7+ {[%clk 1:08:57]} 64. Kg4 {[%clk 0:01:38]} Kf6 {[%clk
1:09:07]} 65. Kf4 {[%clk 0:01:46]} Ne5 {[%clk 1:08:22]} 66. Be4 {[%clk 0:01:45]}
g5+ {[%clk 1:07:24]} 67. Kg3 {[%clk 0:01:47]} Nf7 {[%clk 1:07:06]} 68. Kg4 {[%clk
0:01:05]} Nh6+ {[%clk 1:07:16]} 69. Kh5 {[%clk 0:01:06]} Nf5 {[%clk 1:07:24]} 70.
Bc2 {[%clk 0:00:59]} g4 {[%clk 1:06:39]} 0-1

[Event "BPB Limburg Open - Group A"]
[Site "chess24.com"]
[Date "2016.05.15"]
[Round "4"]
[White "Van Foreest, Jorden"]
[Black "Hoornstra, Hans"]
[Result "1-0"]
[Board "8"]
[WhiteTitle "GM"]
[WhiteElo "2557"]
[WhiteCountry "NED"]
[WhiteFideId "1039784"]
[WhiteEloChange "1"]
[BlackElo "2011"]
[BlackCountry "NED"]
[BlackFideId "1036076"]
[BlackEloChange "-2"]

1. d4 {[%clk 2:00:17]} Nf6 {[%clk 2:00:16]} 2. Nf3 {[%clk 2:00:27]} c5 {[%clk
2:00:22]} 3. c3 {[%clk 1:59:50]} d5 {[%clk 1:59:57]} 4. Bf4 {[%clk 1:59:57]} Nc6
{[%clk 1:59:52]} 5. e3 {[%clk 1:59:49]} Qb6 {[%clk 1:59:28]} 6. Qc1 {[%clk
1:59:38]} Nh5 {[%clk 1:54:08]} 7. Be5 {[%clk 1:57:34]} Nxe5 {[%clk 1:53:07]} 8.
Nxe5 {[%clk 1:57:01]} g6 {[%clk 1:48:10]} 9. Qc2 {[%clk 1:46:54]} Nf6 {[%clk
1:39:22]} 10. Qa4+ {[%clk 1:45:44]} Bd7 {[%clk 1:39:05]} 11. Nxd7 {[%clk
1:45:52]} Nxd7 {[%clk 1:39:14]} 12. Bb5 {[%clk 1:46:04]} Rd8 {[%clk 1:38:58]} 13.
Nd2 {[%clk 1:45:27]} a6 {[%clk 1:36:47]} 14. Bxd7+ {[%clk 1:45:38]} Rxd7 {[%clk
1:36:23]} 15. Nb3 {[%clk 1:45:17]} e6 {[%clk 1:35:08]} 16. dxc5 {[%clk 1:44:38]}
Bxc5 {[%clk 1:33:03]} 17. O-O {[%clk 1:44:46]} Bd6 {[%clk 1:27:41]} 18. Rac1
{[%clk 1:31:07]} Qc6 {[%clk 1:12:00]} 19. Qxc6 {[%clk 1:30:04]} bxc6 {[%clk
1:11:20]} 20. c4 {[%clk 1:30:17]} Ke7 {[%clk 1:06:01]} 21. Rc2 {[%clk 1:30:23]}
Rc7 {[%clk 1:02:12]} 22. Rfc1 {[%clk 1:29:51]} Rhc8 {[%clk 1:01:22]} 23. Kf1
{[%clk 1:27:24]} h5 {[%clk 1:00:15]} 24. Ke2 {[%clk 1:26:21]} Kd7 {[%clk
0:53:04]} 25. h3 {[%clk 1:24:22]} Rb8 {[%clk 0:49:52]} 26. Kf3 {[%clk 1:22:03]}
Rbc8 {[%clk 0:43:24]} 27. e4 {[%clk 1:19:20]} dxe4+ {[%clk 0:42:47]} 28. Kxe4
{[%clk 1:19:32]} f5+ {[%clk 0:42:48]} 29. Kd3 {[%clk 1:14:46]} c5 {[%clk
0:37:47]} 30. Rd1 {[%clk 1:14:43]} Kc6 {[%clk 0:34:12]} 31. Re2 {[%clk 1:14:48]}
Re7 {[%clk 0:33:01]} 32. Kc2 {[%clk 1:13:55]} Bf4 {[%clk 0:31:34]} 33. Rd3 {[%clk
1:11:29]} g5 {[%clk 0:26:54]} 34. a3 {[%clk 1:10:19]} Bc7 {[%clk 0:26:37]} 35.
Rd5 {[%clk 1:05:14]} exd5 {[%clk 0:16:22]} 36. Rxe7 {[%clk 1:05:22]} d4 {[%clk
0:15:22]} 37. Kd3 {[%clk 1:04:49]} g4 {[%clk 0:13:24]} 38. Rf7 {[%clk 1:03:40]}
f4 {[%clk 0:12:15]} 39. hxg4 {[%clk 1:03:39]} hxg4 {[%clk 0:12:21]} 40. Nd2
{[%clk 1:03:48]} Rb8 {[%clk 0:11:57]} 41. Rf6+ {[%clk 1:02:39]} Bd6 {[%clk
0:11:52]} 42. Ne4 {[%clk 1:02:26]} Rd8 {[%clk 0:09:50]} 43. b4 {[%clk 1:02:38]}
cxb4 {[%clk 0:08:51]} 44. axb4 {[%clk 1:02:46]} 1-0

[Event "BPB Limburg Open - Group A"]
[Site "chess24.com"]
[Date "2016.05.15"]
[Round "4"]
[White "Schleipfenbauer, Frank"]
[Black "Chatalbashev, Boris"]
[Result "0-1"]
[Board "9"]
[WhiteElo "2122"]
[WhiteCountry "NED"]
[WhiteFideId "1010492"]
[WhiteEloChange "-2"]
[BlackTitle "GM"]
[BlackElo "2548"]
[BlackCountry "BUL"]
[BlackFideId "2900440"]
[BlackEloChange "1"]

1. e4 {[%clk 2:00:23]} c5 {[%clk 2:00:24]} 2. Nc3 {[%clk 2:00:31]} Nc6 {[%clk
2:00:33]} 3. f4 {[%clk 2:00:36]} g6 {[%clk 2:00:41]} 4. Nf3 {[%clk 2:00:44]} Bg7
{[%clk 2:00:50]} 5. Bb5 {[%clk 2:00:50]} Nd4 {[%clk 2:00:59]} 6. O-O {[%clk
2:00:30]} a6 {[%clk 2:01:02]} 7. Bd3 {[%clk 1:59:58]} d6 {[%clk 2:01:08]} 8. Nxd4
{[%clk 1:59:45]} cxd4 {[%clk 2:01:16]} 9. Ne2 {[%clk 1:59:50]} Nf6 {[%clk
2:01:17]} 10. c3 {[%clk 1:54:58]} dxc3 {[%clk 2:01:17]} 11. bxc3 {[%clk 1:55:08]}
O-O {[%clk 2:01:03]} 12. Bc2 {[%clk 1:54:09]} Qc7 {[%clk 2:01:01]} 13. f5 {[%clk
1:39:45]} d5 {[%clk 1:58:57]} 14. Ng3 {[%clk 1:22:28]} dxe4 {[%clk 1:55:36]} 15.
Nxe4 {[%clk 1:13:07]} Nxe4 {[%clk 1:54:10]} 16. Bxe4 {[%clk 1:13:11]} gxf5 {[%clk
1:49:06]} 17. Bc2 {[%clk 1:03:47]} e6 {[%clk 1:43:06]} 18. Qf3 {[%clk 1:03:03]}
Bd7 {[%clk 1:42:08]} 19. d4 {[%clk 1:00:51]} Rac8 {[%clk 1:39:27]} 20. Bd2 {[%clk
0:59:24]} Bc6 {[%clk 1:38:36]} 21. Qe3 {[%clk 0:52:25]} Kh8 {[%clk 1:35:21]} 22.
Rac1 {[%clk 0:41:25]} Rg8 {[%clk 1:31:37]} 23. Rf2 {[%clk 0:40:43]} b5 {[%clk
1:21:48]} 24. Bd3 {[%clk 0:34:34]} Qd7 {[%clk 1:19:21]} 25. a4 {[%clk 0:26:02]}
bxa4 {[%clk 1:18:10]} 26. Bxa6 {[%clk 0:26:08]} Ra8 {[%clk 1:18:14]} 27. Qe2
{[%clk 0:25:29]} a3 {[%clk 1:15:40]} 28. Ra1 {[%clk 0:23:54]} Bf6 {[%clk
1:00:50]} 29. Bc4 {[%clk 0:10:18]} Bd5 {[%clk 0:46:44]} 30. Bf4 {[%clk 0:07:54]}
Bxc4 {[%clk 0:43:32]} 31. Qxc4 {[%clk 0:08:06]} Rgc8 {[%clk 0:43:35]} 32. Qb3
{[%clk 0:06:13]} Qa4 {[%clk 0:41:53]} 33. Qxa4 {[%clk 0:02:04]} Rxa4 {[%clk
0:42:00]} 34. Rf3 {[%clk 0:02:05]} Rxc3 {[%clk 0:41:01]} 0-1

[Event "BPB Limburg Open - Group A"]
[Site "chess24.com"]
[Date "2016.05.15"]
[Round "4"]
[White "Ernst, Sipke"]
[Black "Nguyen, Kevin"]
[Result "1-0"]
[Board "10"]
[WhiteTitle "GM"]
[WhiteElo "2543"]
[WhiteCountry "NED"]
[WhiteFideId "1004689"]
[WhiteEloChange "1"]
[BlackElo "2076"]
[BlackCountry "NED"]
[BlackFideId "1046349"]
[BlackEloChange "-2"]

1. d4 {[%clk 2:00:14]} Nf6 {[%clk 1:57:52]} 2. Bg5 {[%clk 2:00:22]} g6 {[%clk
1:57:43]} 3. Bxf6 {[%clk 2:00:32]} exf6 {[%clk 1:57:54]} 4. e3 {[%clk 2:00:42]}
Bg7 {[%clk 1:58:06]} 5. g3 {[%clk 2:00:52]} O-O {[%clk 1:58:16]} 6. Bg2 {[%clk
2:01:04]} d6 {[%clk 1:58:26]} 7. Ne2 {[%clk 2:01:14]} Nd7 {[%clk 1:58:37]} 8. c4
{[%clk 2:01:24]} f5 {[%clk 1:57:58]} 9. Nbc3 {[%clk 2:01:35]} Nf6 {[%clk
1:58:05]} 10. O-O {[%clk 2:01:42]} c6 {[%clk 1:58:04]} 11. b4 {[%clk 2:01:43]}
Re8 {[%clk 1:56:10]} 12. Qd3 {[%clk 2:01:42]} Bd7 {[%clk 1:53:23]} 13. Rab1
{[%clk 2:01:09]} Qe7 {[%clk 1:49:56]} 14. b5 {[%clk 2:00:56]} f4 {[%clk 1:37:59]}
15. Nxf4 {[%clk 2:00:50]} Bf5 {[%clk 1:38:06]} 16. Qd2 {[%clk 1:55:18]} Bxb1
{[%clk 1:37:57]} 17. Rxb1 {[%clk 1:55:27]} Qc7 {[%clk 1:36:49]} 18. Rb3 {[%clk
1:51:08]} a6 {[%clk 1:19:14]} 19. bxc6 {[%clk 1:49:37]} bxc6 {[%clk 1:14:17]} 20.
Nd3 {[%clk 1:49:47]} a5 {[%clk 1:13:48]} 21. c5 {[%clk 1:38:40]} d5 {[%clk
1:13:44]} 22. Na4 {[%clk 1:37:42]} h5 {[%clk 1:13:16]} 23. Qb2 {[%clk 1:32:06]}
Rab8 {[%clk 1:13:06]} 24. Rb6 {[%clk 1:31:29]} h4 {[%clk 1:10:59]} 25. Ne5 {[%clk
1:30:02]} Kh7 {[%clk 1:02:24]} 26. Nxf7 {[%clk 1:23:10]} Nd7 {[%clk 0:50:10]} 27.
Ng5+ {[%clk 1:21:42]} Kh6 {[%clk 0:49:35]} 28. Nf7+ {[%clk 1:18:16]} Kh7 {[%clk
0:49:46]} 29. Qc1 {[%clk 1:04:04]} Nxb6 {[%clk 0:47:03]} 30. Ng5+ {[%clk
1:04:00]} Kg8 {[%clk 0:36:57]} 31. cxb6 {[%clk 1:01:46]} Qd6 {[%clk 0:36:32]} 32.
gxh4 {[%clk 0:57:09]} Bf6 {[%clk 0:36:20]} 33. Qb1 {[%clk 0:56:34]} Kg7 {[%clk
0:36:01]} 34. Nc5 {[%clk 0:56:13]} Bxg5 {[%clk 0:28:49]} 35. hxg5 {[%clk
0:56:23]} Qd8 {[%clk 0:28:26]} 36. b7 {[%clk 0:53:19]} Qxg5 {[%clk 0:24:46]} 37.
h3 {[%clk 0:49:39]} Qe7 {[%clk 0:23:09]} 38. Qb6 {[%clk 0:47:42]} Qd6 {[%clk
0:16:11]} 39. Qxa5 {[%clk 0:47:36]} Re7 {[%clk 0:15:39]} 40. Qb6 {[%clk 0:44:14]}
Kh6 {[%clk 0:13:27]} 41. Qb2 {[%clk 0:40:44]} Rbxb7 {[%clk 0:11:44]} 42. Nxb7
{[%clk 0:40:52]} Qb8 {[%clk 0:11:58]} 43. Qc2 {[%clk 0:38:42]} Qxb7 {[%clk
0:10:54]} 44. Bf3 {[%clk 0:37:46]} Rf7 {[%clk 0:09:41]} 45. Kg2 {[%clk 0:37:41]}
Qb5 {[%clk 0:08:31]} 46. Be2 {[%clk 0:36:13]} Qb6 {[%clk 0:08:36]} 47. a4 {[%clk
0:34:45]} Ra7 {[%clk 0:07:01]} 48. Bd1 {[%clk 0:30:22]} Rf7 {[%clk 0:05:34]} 49.
Qd2 {[%clk 0:29:56]} Qd8 {[%clk 0:04:07]} 50. Bg4 {[%clk 0:28:28]} Kg7 {[%clk
0:04:10]} 51. Qc3 {[%clk 0:27:55]} Qa8 {[%clk 0:03:50]} 52. Bd1 {[%clk 0:26:42]}
Qa6 {[%clk 0:03:59]} 53. Qc2 {[%clk 0:26:10]} Qc4 {[%clk 0:03:53]} 54. Qb2 {[%clk
0:24:43]} Ra7 {[%clk 0:03:54]} 55. Qb8 {[%clk 0:24:17]} Re7 {[%clk 0:03:41]} 56.
Qd6 {[%clk 0:22:05]} Ra7 {[%clk 0:03:48]} 57. a5 {[%clk 0:20:45]} Kh6 {[%clk
0:02:48]} 58. Bg4 {[%clk 0:18:51]} Qc2 {[%clk 0:02:45]} 59. Qf6 {[%clk 0:17:34]}
Qe4+ {[%clk 0:02:25]} 60. Bf3 {[%clk 0:15:38]} Qf5 {[%clk 0:02:20]} 61. Qxc6
{[%clk 0:14:23]} Rxa5 {[%clk 0:02:32]} 62. Qd6 {[%clk 0:13:32]} Qg5+ {[%clk
0:01:59]} 63. Bg4 {[%clk 0:13:13]} Ra8 {[%clk 0:01:58]} 64. Kg3 {[%clk 0:11:26]}
Rd8 {[%clk 0:02:08]} 65. Qe6 {[%clk 0:11:18]} Kg7 {[%clk 0:02:07]} 66. Qb6 {[%clk
0:10:33]} Qf6 {[%clk 0:02:13]} 67. Qc7+ {[%clk 0:10:39]} Kh6 {[%clk 0:02:06]} 68.
Kg2 {[%clk 0:08:33]} Rf8 {[%clk 0:02:15]} 69. Qc2 {[%clk 0:06:44]} Rf7 {[%clk
0:02:06]} 70. Qe2 {[%clk 0:06:05]} Qd6 {[%clk 0:02:14]} 71. Bf3 {[%clk 0:06:06]}
Rd7 {[%clk 0:02:04]} 72. Qb5 {[%clk 0:06:03]} Kg7 {[%clk 0:02:02]} 73. Kf1 {[%clk
0:05:22]} Rd8 {[%clk 0:02:04]} 74. Kg1 {[%clk 0:04:40]} Kh6 {[%clk 0:02:14]} 75.
Kg2 {[%clk 0:04:34]} Kg7 {[%clk 0:02:23]} 76. h4 {[%clk 0:04:37]} Qd7 {[%clk
0:02:15]} 77. Qb3 {[%clk 0:03:08]} Qf5 {[%clk 0:02:23]} 78. Qb7+ {[%clk 0:02:25]}
Rd7 {[%clk 0:02:37]} 79. Qc6 {[%clk 0:02:34]} Rd8 {[%clk 0:02:30]} 80. Qc7+
{[%clk 0:02:44]} Rd7 {[%clk 0:02:44]} 81. Qg3 {[%clk 0:02:57]} Rf7 {[%clk
0:02:27]} 82. h5 {[%clk 0:02:52]} g5 {[%clk 0:02:40]} 83. Bg4 {[%clk 0:01:27]}
Qe4+ {[%clk 0:02:54]} 84. Bf3 {[%clk 0:01:32]} Qf5 {[%clk 0:03:08]} 85. Bg4
{[%clk 0:01:31]} Qe4+ {[%clk 0:03:23]} 86. Kh2 {[%clk 0:01:44]} Rf6 {[%clk
0:03:09]} 87. Be2 {[%clk 0:00:45]} Qh4+ {[%clk 0:02:56]} 88. Kg2 {[%clk 0:00:59]}
Qxg3+ {[%clk 0:02:57]} 89. Kxg3 {[%clk 0:01:13]} Kh6 {[%clk 0:03:01]} 90. Bf3
{[%clk 0:01:24]} Rd6 {[%clk 0:03:10]} 91. Kg4 {[%clk 0:01:36]} Rd8 {[%clk
0:03:24]} 92. Bh1 {[%clk 0:01:37]} Rd7 {[%clk 0:03:32]} 93. Bg2 {[%clk 0:01:29]}
Rd8 {[%clk 0:03:26]} 94. Bf3 {[%clk 0:01:37]} Rd7 {[%clk 0:03:14]} 95. Bd1 {[%clk
0:01:51]} Rf7 {[%clk 0:03:25]} 96. Kg3 {[%clk 0:02:05]} Kg7 {[%clk 0:03:29]} 97.
Bb3 {[%clk 0:02:06]} Rd7 {[%clk 0:03:34]} 98. Kg4 {[%clk 0:02:18]} Kf6 {[%clk
0:03:47]} 99. Ba2 {[%clk 0:01:57]} Rd8 {[%clk 0:03:52]} 100. h6 {[%clk 0:01:27]}
Rh8 {[%clk 0:02:39]} 101. Bxd5 {[%clk 0:01:12]} Rxh6 {[%clk 0:02:54]} 102. Kg3
{[%clk 0:01:10]} Ke7 {[%clk 0:02:58]} 103. Bf3 {[%clk 0:00:42]} Ra6 {[%clk
0:03:03]} 104. Bg4 {[%clk 0:00:43]} Kd6 {[%clk 0:03:08]} 105. Bf5 {[%clk
0:00:54]} Ra2 {[%clk 0:02:49]} 106. Kf3 {[%clk 0:00:50]} Kd5 {[%clk 0:02:54]}
107. Bh7 {[%clk 0:01:03]} Rb2 {[%clk 0:03:00]} 108. Bg8+ {[%clk 0:01:14]} Kd6
{[%clk 0:03:10]} 109. e4 {[%clk 0:01:12]} Rb8 {[%clk 0:02:57]} 110. e5+ {[%clk
0:01:09]} Kc6 {[%clk 0:02:59]} 111. Be6 {[%clk 0:01:10]} Rf8+ {[%clk 0:02:48]}
112. Ke3 {[%clk 0:01:21]} Rf4 {[%clk 0:02:59]} 113. f3 {[%clk 0:01:12]} Kc7
{[%clk 0:02:34]} 114. Bd5 {[%clk 0:00:51]} Kd7 {[%clk 0:02:30]} 115. Bb3 {[%clk
0:00:56]} Rf5 {[%clk 0:02:08]} 116. Ba4+ {[%clk 0:00:38]} Ke7 {[%clk 0:02:12]}
117. Bc2 {[%clk 0:00:49]} Rf4 {[%clk 0:02:24]} 118. Bb3 {[%clk 0:00:44]} Rf5
{[%clk 0:02:27]} 119. Bc4 {[%clk 0:00:58]} Kd7 {[%clk 0:02:26]} 120. Bd3 {[%clk
0:01:05]} Rf4 {[%clk 0:02:37]} 121. Bf1 {[%clk 0:01:18]} Ke6 {[%clk 0:02:46]}
122. Bc4+ {[%clk 0:01:30]} Ke7 {[%clk 0:02:56]} 123. Bb3 {[%clk 0:01:25]} Rf5
{[%clk 0:02:57]} 124. Bd1 {[%clk 0:01:37]} Ke6 {[%clk 0:02:56]} 125. Kd3 {[%clk
0:01:44]} Kd5 {[%clk 0:02:28]} 126. Bb3+ {[%clk 0:01:56]} Kc6 {[%clk 0:02:40]}
127. Ke3 {[%clk 0:01:58]} Kd7 {[%clk 0:02:50]} 128. Ba2 {[%clk 0:01:25]} Ke7
{[%clk 0:02:51]} 129. Bc4 {[%clk 0:01:39]} Kd7 {[%clk 0:03:01]} 130. Bf1 {[%clk
0:01:52]} Kc6 {[%clk 0:02:54]} 131. Bh3 {[%clk 0:02:02]} Rf4 {[%clk 0:03:06]}
132. Be6 {[%clk 0:02:15]} Kc7 {[%clk 0:02:42]} 133. d5 {[%clk 0:02:29]} Kd8
{[%clk 0:01:39]} 134. d6 {[%clk 0:02:30]} Ra4 {[%clk 0:01:38]} 135. Bg4 {[%clk
0:02:37]} Rb4 {[%clk 0:01:32]} 136. e6 {[%clk 0:02:47]} Rb6 {[%clk 0:01:19]} 137.
e7+ {[%clk 0:02:59]} 1-0

[Event "BPB Limburg Open - Group A"]
[Site "chess24.com"]
[Date "2016.05.15"]
[Round "5"]
[White "Bachmann, Axel"]
[Black "Berg, Emanuel"]
[Result "1-0"]
[Board "1"]
[WhiteTitle "GM"]
[WhiteElo "2632"]
[WhiteCountry "PAR"]
[WhiteFideId "3700488"]
[WhiteEloChange "4"]
[BlackTitle "GM"]
[BlackElo "2581"]
[BlackCountry "SWE"]
[BlackFideId "1704060"]
[BlackEloChange "-4"]

1. c4 {[%clk 2:00:24]} Nf6 {[%clk 1:57:38]} 2. Nc3 {[%clk 2:00:04]} g6 {[%clk
1:57:45]} 3. g3 {[%clk 1:58:17]} Bg7 {[%clk 1:57:50]} 4. Bg2 {[%clk 1:58:25]} O-O
{[%clk 1:57:49]} 5. e4 {[%clk 1:57:43]} d6 {[%clk 1:57:42]} 6. Nge2 {[%clk
1:57:52]} Nc6 {[%clk 1:49:50]} 7. O-O {[%clk 1:57:10]} e5 {[%clk 1:49:32]} 8. d3
{[%clk 1:56:38]} Nh5 {[%clk 1:40:14]} 9. Be3 {[%clk 1:53:28]} f5 {[%clk 1:34:42]}
10. exf5 {[%clk 1:53:05]} Bxf5 {[%clk 1:29:29]} 11. d4 {[%clk 1:42:48]} Qd7
{[%clk 1:14:36]} 12. d5 {[%clk 1:41:56]} Ne7 {[%clk 1:02:56]} 13. f3 {[%clk
1:30:56]} Bh3 {[%clk 1:01:11]} 14. Bxh3 {[%clk 1:30:30]} Qxh3 {[%clk 1:01:19]}
15. Ne4 {[%clk 1:30:41]} Qd7 {[%clk 0:57:47]} 16. g4 {[%clk 1:14:16]} Nf6 {[%clk
0:48:07]} 17. N2c3 {[%clk 1:14:17]} Nxe4 {[%clk 0:47:19]} 18. Nxe4 {[%clk
1:14:12]} h6 {[%clk 0:35:56]} 19. Qd3 {[%clk 1:06:57]} Rf7 {[%clk 0:34:33]} 20.
Kg2 {[%clk 1:05:45]} Raf8 {[%clk 0:33:23]} 21. Rf2 {[%clk 1:04:36]} g5 {[%clk
0:27:42]} 22. Kg3 {[%clk 0:56:47]} Ng6 {[%clk 0:06:14]} 23. Nxg5 {[%clk 0:45:27]}
e4 {[%clk 0:06:24]} 24. Qxe4 {[%clk 0:45:37]} Be5+ {[%clk 0:06:32]} 25. f4 {[%clk
0:45:02]} hxg5 {[%clk 0:00:18]} 26. Qxg6+ {[%clk 0:43:08]} Rg7 {[%clk 0:00:31]}
27. Qe6+ {[%clk 0:43:13]} Qxe6 {[%clk 0:00:42]} 28. dxe6 {[%clk 0:43:23]} gxf4+
{[%clk 0:00:49]} 29. Bxf4 {[%clk 0:43:31]} Re7 {[%clk 0:00:16]} 30. Bxe5 {[%clk
0:43:11]} Rxf2 {[%clk 0:00:30]} 31. Bxd6 {[%clk 0:43:04]} Rxe6 {[%clk 0:00:23]}
32. Kxf2 {[%clk 0:43:12]} Rxd6 {[%clk 0:00:37]} 33. b3 {[%clk 0:41:37]} Rd2+
{[%clk 0:00:31]} 34. Kg3 {[%clk 0:41:46]} 1-0

[Event "BPB Limburg Open - Group A"]
[Site "chess24.com"]
[Date "2016.05.15"]
[Round "5"]
[White "Warmerdam, Max"]
[Black "Swinkels, Robin"]
[Result "0-1"]
[Board "2"]
[WhiteTitle "FM"]
[WhiteElo "2387"]
[WhiteCountry "NED"]
[WhiteFideId "1048104"]
[WhiteEloChange "-7"]
[BlackTitle "GM"]
[BlackElo "2485"]
[BlackCountry "NED"]
[BlackFideId "1010824"]
[BlackEloChange "4"]

1. e4 {[%clk 2:00:29]} e5 {[%clk 1:59:09]} 2. Nf3 {[%clk 2:00:37]} Nc6 {[%clk
1:58:54]} 3. Bb5 {[%clk 2:00:46]} Nf6 {[%clk 1:56:22]} 4. d3 {[%clk 2:00:48]} Bc5
{[%clk 1:55:54]} 5. Bxc6 {[%clk 2:00:58]} dxc6 {[%clk 1:55:49]} 6. Nbd2 {[%clk
2:01:06]} Be6 {[%clk 1:47:24]} 7. h3 {[%clk 1:59:54]} Nd7 {[%clk 1:29:50]} 8. Nb3
{[%clk 1:59:31]} Be7 {[%clk 1:27:57]} 9. Na5 {[%clk 1:50:58]} Bb4+ {[%clk
1:24:08]} 10. Bd2 {[%clk 1:50:39]} Bxa5 {[%clk 1:24:01]} 11. Bxa5 {[%clk
1:50:48]} c5 {[%clk 1:24:13]} 12. Bc3 {[%clk 1:44:07]} f6 {[%clk 1:23:52]} 13.
Nh4 {[%clk 1:44:01]} g5 {[%clk 0:59:17]} 14. Nf3 {[%clk 1:42:42]} h5 {[%clk
0:57:29]} 15. a3 {[%clk 1:32:18]} h4 {[%clk 0:48:47]} 16. Nd2 {[%clk 1:18:03]}
Qe7 {[%clk 0:42:56]} 17. b4 {[%clk 1:12:36]} O-O-O {[%clk 0:41:54]} 18. b5 {[%clk
1:03:58]} Nf8 {[%clk 0:40:51]} 19. Qf3 {[%clk 1:02:33]} Ng6 {[%clk 0:40:07]} 20.
Nf1 {[%clk 1:02:16]} c4 {[%clk 0:36:15]} 21. dxc4 {[%clk 1:01:48]} Bxc4 {[%clk
0:36:14]} 22. Ne3 {[%clk 0:59:58]} Qf7 {[%clk 0:35:11]} 23. Rb1 {[%clk 0:48:49]}
Nf4 {[%clk 0:34:18]} 24. Rb4 {[%clk 0:48:40]} Be2 {[%clk 0:33:20]} 25. Qxe2
{[%clk 0:48:52]} Nxe2 {[%clk 0:33:27]} 26. Kxe2 {[%clk 0:49:04]} Rd6 {[%clk
0:27:56]} 27. a4 {[%clk 0:47:03]} Rhd8 {[%clk 0:27:48]} 28. Rhb1 {[%clk 0:45:34]}
Qd7 {[%clk 0:25:36]} 29. Rc4 {[%clk 0:44:42]} Kb8 {[%clk 0:23:27]} 30. Kf3 {[%clk
0:41:31]} Qf7 {[%clk 0:23:14]} 31. Ke2 {[%clk 0:41:05]} R8d7 {[%clk 0:22:25]} 32.
Ke1 {[%clk 0:36:11]} Qe6 {[%clk 0:20:03]} 33. Rbb4 {[%clk 0:34:27]} g4 {[%clk
0:16:31]} 34. hxg4 {[%clk 0:34:03]} Rh7 {[%clk 0:15:44]} 35. g5 {[%clk 0:32:42]}
h3 {[%clk 0:14:20]} 36. gxh3 {[%clk 0:32:52]} Qxh3 {[%clk 0:14:26]} 37. gxf6
{[%clk 0:31:20]} Qf3 {[%clk 0:14:16]} 38. Rb1 {[%clk 0:30:48]} Rh2 {[%clk
0:14:00]} 0-1

[Event "BPB Limburg Open - Group A"]
[Site "chess24.com"]
[Date "2016.05.15"]
[Round "5"]
[White "Bauer, Christian"]
[Black "Gharamian, Tigran"]
[Result "1/2-1/2"]
[Board "3"]
[WhiteTitle "GM"]
[WhiteElo "2634"]
[WhiteCountry "FRA"]
[WhiteFideId "603767"]
[BlackTitle "GM"]
[BlackElo "2627"]
[BlackCountry "FRA"]
[BlackFideId "13301527"]

1. d4 {[%clk 2:00:29]} Nf6 {[%clk 2:00:13]} 2. c4 {[%clk 2:00:14]} e6 {[%clk
2:00:17]} 3. Nf3 {[%clk 2:00:08]} d5 {[%clk 1:59:35]} 4. g3 {[%clk 1:59:06]} Be7
{[%clk 1:59:17]} 5. Bg2 {[%clk 1:58:49]} O-O {[%clk 1:59:24]} 6. Nbd2 {[%clk
1:53:14]} b6 {[%clk 1:48:12]} 7. O-O {[%clk 1:46:33]} Bb7 {[%clk 1:47:28]} 8. b3
{[%clk 1:44:36]} Nbd7 {[%clk 1:41:58]} 9. Bb2 {[%clk 1:40:58]} c5 {[%clk
1:41:05]} 10. Rc1 {[%clk 1:36:18]} Rc8 {[%clk 1:37:18]} 11. cxd5 {[%clk 1:31:40]}
1/2-1/2